They Shoot Pictures, Don't They? - films 681 à 700 - Statistiques

Statistiques générales
  • Ce quiz a été pris 46 fois
  • Le résultat moyen est 6 sur 20
Statistiques - réponses
Par images Hint Réponse % Correct
687. États-Unis, 1995 Toy Story
100%
696. États-Unis, 1991 Thelma et Louise
83%
684. États-Unis, 1990 Sailor et Lula
66%
682. France, 2001 La Pianiste
60%
686. États-Unis, 2001 La Famille Tenenbaum
57%
691. Mexique, 1973 La Montagne Sacrée
51%
698. États-Unis, 2004 Before Sunset
40%
694. États-Unis, 1985 La Rose Pourpre du Caire
29%
700. Japon, 1997 Cure
26%
690. Italie, 1966 Des oiseaux, petits et gros
20%
692. France, 1974 Lancelot du Lac
20%
699. États-Unis, 1955 Les Contrebandiers de Moonfleet
20%
697. Allemagne, 1935 Le Triomphe de la volonté
17%
695. Pologne, 1987 Tu ne tueras point
17%
683. États-Unis, 1935 Le Danseur du dessus
14%
688. Allemagne de l'Ouest, 1968 Chronique d'Anna Magdalena Bach
11%
681. Italie, 1957 Le Cri
9%
689. États-Unis, 1953 Le soleil brille pour tout le monde
3%
685. Royaume-Uni, 1983 Local Hero
3%
693. Cuba, 1977 De cierta manera
0%
Aucun quiz correspondant
Distribution des résultats
% des personnes avec chaque résultat
Percentile par nombre de réponses
Votre historique - résultats
Vous n’avez pas pris ce quiz